| 000 | 00583nam a2200205 a 4500 | ||
|---|---|---|---|
| 005 | 20140310183651.0 | ||
| 008 | 080109s19uu xx 00 eng d | ||
| 020 | _a9780071265287 | ||
| 050 |
_aHD 58.7 _b.M478 2007 |
||
| 100 | _aMcShane, Steven L. | ||
| 245 |
_aOrganizational behavior : _b(essentials). / _cMary Ann Von Glinow |
||
| 260 |
_aU.S.A : _bMcGraw-Hill, _c2007. |
||
| 300 |
_a398 p. : _bcol. ill. ; _c25 cm. |
||
| 521 | _aBSBA | ||
| 650 | _aOrganizational behavior. | ||
| 700 | _aGlinow, Mary Ann Von | ||
| 942 |
_cBK _2lcc _kFOR |
||
| 999 |
_c26063 _d26063 |
||